000 00877cam a22002773a 4500
001 23069
003 PGUSA
005 20140828083506.0
008 071017s2007||||xxu|||||s|||||000 1 eng d
040 _aPGUSA
_beng
042 _adc
050 4 _aPZ
100 1 _aKingston, William Henry Giles,
_d1814-1880
245 1 0 _aJanet McLaren :
_bThe Faithful Nurse
_h[electronic resource] /
_cWilliam Henry Giles Kingston
260 _bProject Gutenberg,
_c2007
506 _aPublic domain in the USA.
516 _aElectronic text
653 _aGuardian and ward -- Juvenile fiction
653 _aBrothers and sisters -- Juvenile fiction
653 _aCanada -- Juvenile fiction
653 _aScotland -- Juvenile fiction
653 _aOrphans -- Juvenile fiction
830 0 _aProject Gutenberg
_v23069
856 4 0 _uhttp://www.gutenberg.org/ebooks/23069
942 _cEB
999 _c252324
_d252324